Nové trendy vývoja v oblasti hodnotenia komerčných poisťovní

Interný audit poisťovne a ratingové agentúry. Rozdiely v priebehu hodnotenia poisťovní. Efektívnosť interného auditu. Udelenie certifikácie.

Gespeichert in:
Bibliographische Detailangaben
1. Verfasser: Bozsnyáková, Erika, 1972-
Format: Buchkapitel
Sprache:Slowakisch
Schlagworte:
Tags: Tag hinzufügen
Keine Tags, Fügen Sie das erste Tag hinzu!

MARC

LEADER 00000naa$a2200000$$$4500
001 0072699
005 20240502071848.3
041 0 |a slo 
044 |a SK 
245 1 0 |a Nové trendy vývoja v oblasti hodnotenia komerčných poisťovní  |c Erika Bozsnyáková 
520 |a Interný audit poisťovne a ratingové agentúry. Rozdiely v priebehu hodnotenia poisťovní. Efektívnosť interného auditu. Udelenie certifikácie. 
610 2 0 |a poisťovne 
610 2 0 |a audit interný 
610 2 0 |a rating 
610 2 0 |a certifikácia 
610 2 0 |a poisťovne komerčné 
100 1 |a Bozsnyáková, Erika, 1972-